000 00231 a2200109 4500
001 51142
040 _cAnchieta - Pituba
240 1 0 _aDas Wunder von Bern
_l
245 1 0 _aDas Wunder von Bern
650 4 _aLíngua alemã
942 _cMX
999 _c51142
_d51142